00746nam a22002297a 450000100060000000300080000600500170001400800410003103500190007204000260009104100080011708200200012510000280014524500380017326000400021130000350025150400510028665100320033794200120036999900170038195201180039827747BD-RjUL20211209051209.0140327s1906 enkacbe| 001 0 eng d a(BD-RjUL)27826 aBD-RjULbengcBD-RjUL aeng a958.1bHAA 19061 aHamilton, Angus.985175 aAfghanistan /cby Angus Hamilton. aLondon :bWilliam Heinemann,c1906. axxi,562 p. ;billus. ;c22 cm. aIncludes bibliographical references and index. 0aAfghanistanxHistory985176 2ddccBK c27747d27747 00102ddc40728NFICaRUCLbRUCLcStackd2014-03-27l0o958.1 HAA 1906r2014-03-27 00:00:00tC-1w2014-03-27yBK